000 01167cam a2200229 i 4500
003 SA-RiAUC
005 20260128122213.0
008 260127q19601969su f 000 0 ara c
040 _aSA-JeALM
_bara
_cSA-RiAUC
_erda
082 0 4 _a372.19
090 _a372.19
_bا ب ن ع
100 1 _aابن عبد الوهاب، محمد بن عبد الوهاب بن سليمان،
_d1115-1206 هجري
_eمؤلف.
245 1 0 _aمقرر التوحيد والفقه للسنة الثالثة الابتدائية /
_bمن كتابي الأصول الثلاثة وشروط الصلاة لشيخ الإسلام محمد بن عبدالوهاب رحمه الله
_cمحمد بن عبد الوهاب. لخصه محمد بن عبدالعزيز بن مانع .
264 1 _aالقاهرة :
_bعمر عبدالجبار ،
_bدار مصر للطباعة .
_c[بين 1900 و1999]
300 _a14 صفحة
_c20 سم.
336 _aنص
_btxt
_2rdacontent
_3كتاب
337 _aبدون وسيط
_bn
_2rdamedia
650 7 _aالإسلام
_xدراسة وتعليم
_2aucsh
650 7 _aعلم الكلام
_2aucsh
942 _2ddc
_cBOOK
_n0
949 _aSA-JeALM
_d260127
_uosman123
_n1
999 _c14201
_d14201